00841nam a2200241 a 4500001000500000005001700005008004100022020001800063050002300081100001900104245009500123260004200218300002200260440003000282500006200312520003100374650001400405650002000419650001400439650001300453999001900466952011400485106320140414131847.0041018s19uu xx 00 eng d a0-8343-0011-7 aM 372.41bF91 v. 3 aFrith, Michael aThe Sesame Street library, v. 3 /cwritten by Michael Frith ; illustrated by Mel Crawford. aNew York :bFunk and Wagnalls,c1978. avp. : ill. ; cm. aThe Sesame Street Library aContents: Featuring the letters E and F and the number 3. aWith Jim Henson's Muppets. aAlphabet. aNumber Concept. aCounting. aReading. c109992d109992 00104050aMUbMUcMd2004-10-18eDonationl0oM 372.41 F91 v. 3pM0215r2014-04-14 00:00:00w2014-04-14yBK